000 00453nam a2200157Ia 4500
005 20250122062037.0
008 240331s9999 xx 000 0 und d
020 _a
082 _bKAN
_a920
100 _aKanapathipillai, K
245 0 _aVipulananda :
_ba biography, the man and his achievements
260 _aColombo
_bMinister for Hindu Religious and cultural Affairs
_c1991
300 _a211 p .,
500 _aA Biography of Vipulananda
942 _cL
999 _c3470
_d3470